Länder mit V - Statistiken

Allgemein
  • Dieses Quiz wurde 59 mal gespielt
    19 seit der letzten Aktualisierung
  • Das Durchschnittsergebnis liegt bei 5 aus 7
Antwortstatistiken
Land % Korrekt
Vatikanstadt
100%
Venezuela
92%
Vanuatu
69%
Vereinigtes Königreich
69%
Vereinigte Staaten von Amerika
62%
Vietnam
62%
Vereinigte Arabische Emirate
54%
Keine übereinstimmenden Quizze gefunden
Verteilung der Resultate
Anzahl Personen mit jedem Resultat
Perzentil nach korrekt beantworteten Fragen
Ihre Resultats-Entwicklung
Sie haben dieses Quiz seit der letzten Aktualisierung nicht gespielt